000 00518nam a2200169 4500
001 5548
005 20230410101823.0
008 060907n1992 dr spa
035 _9funglode5595
041 _aES
050 1 4 _a117 P 119.32 P154e 1992
100 _aPalau Suárez , Awilda
245 1 _aEpílogo a un nuevo prólogo :
_bla batalla por la reafirmación del idioma español /
_cAwilda Palau Suárez
260 _aSan Juan :
_bDra. Awilda Paláu,
_c1992
300 _axii/ 142 pag
942 _2lcc
_cbk
999 _c14654
_d14654